新疆维吾尔自治区小测验-Xinjiang Uygur AR Quiz - Statistics

General Stats
  • This quiz has been taken 23 times
  • The average score is 27 of 31
Answer Stats
提示 答案 % Correct
首府城市 乌鲁木齐市
100%
超过100万人的民族 维吾尔族
100%
超过100万人的民族 汉族
100%
超过100万人的民族 哈萨克族
100%
接壤的国家 蒙古
100%
超过100万人的民族 回族
95%
相邻的省级行政区 西藏自治区
95%
相邻的省级行政区 青海省
95%
相邻的省级行政区 甘肃省
95%
接壤的国家 印度
95%
接壤的国家 巴基斯坦
95%
接壤的国家 阿富汗
95%
接壤的国家 塔吉克斯坦
95%
接壤的国家 吉尔吉斯斯坦
95%
接壤的国家 哈萨克斯坦
95%
新疆的地形特征是“三山夹两盆”, 三座山脉和两个盆地分别是 {天山}山脉
95%
新疆的地形特征是“三山夹两盆”, 三座山脉和两个盆地分别是 {昆仑}山脉
95%
中国第一颗原子弹在这座干涸湖泊爆炸 罗布泊
95%
接壤的国家 俄罗斯
89%
新疆的地形特征是“三山夹两盆”, 三座山脉和两个盆地分别是 {阿尔泰}山脉
89%
新疆的地形特征是“三山夹两盆”, 三座山脉和两个盆地分别是 {准噶尔}盆地
89%
新疆的地形特征是“三山夹两盆”, 三座山脉和两个盆地分别是 {塔里木}盆地
89%
中国领土最西端位于这个高原 {帕米尔}高原
84%
这个县是中国面积最大的县 若羌县
84%
这个口岸是新疆最大的陆铁联运口岸 {霍尔果斯}口岸
79%
这种地下水利工程又称”井渠“, 它的主要用途是集水灌溉 坎儿井
79%
新疆现行的维吾尔文由这种字母写成 {阿拉伯}字母
74%
这位著名主持人出生于新疆乌鲁木齐, 他的代表节目是《非常6+1》 李咏
68%
这座湖泊是中国最大的内陆淡水吞吐湖 博斯腾湖
63%
这种新疆特色美食以羊肉、胡萝卜、 洋葱、清油和大米为主要原料 抓饭
58%
这位民族音乐家收集整理了多首新疆民歌 王洛宾
47%
No matching quizzes found
Score Distribution
Percent of People with Each Score
Percentile by Number Answered
Your Score History
You have not taken this quiz